000 01111nam a2200361 a 4500
001 22784
003 SK-KTurca
005 20260423132020.0
008 250414s1991 xo slo
015 _aSNBA1992/01
020 _a8021703709
_q(zv.2.)
035 _a95CF083B-AA96-4EEC-B56C-0FECA153946C
035 _aSNK000009573
035 _aurn:nbn:sk:snk-am00brse
035 _aurn:nbn:sk:snk-amlmz0
040 _aSNK
_bslo
_cSNK
_eAACR2
041 0 _aslo
044 _axo
_cSK
080 _a398.2(=854)
_21981
080 _a885.4-3
_21981
100 1 _aDomasta, Ján,
_d1909-1989
_4aut
245 1 0 _aPovesti o hradoch. /Zv./ 2
_cJán Domasta ; Ivan Riabič
250 _a3. rozš. vyd.
260 _aMartin
_bOsveta
_c1991
_eMartin/
_f/Neografia
300 _a351 s.
_c29 cm
500 _aIlustr. na tit. liste a front. ISBN 80-217-0368-7(súbor).
655 7 _aslovenské povesti
_2SNKPH
655 7 _aliterárne adaptácie
_2SNKPH
700 1 _aRiabič, Ivan,
_d1952-
_4ill
942 _2ddc
_cKLDE
_n0
999 _c22784
_d22784